Detalles MARC
| 000 -LIDER |
| fixed length control field |
01256nam a22002417a 4500 |
| 003 - IDENTIFICACDOR DE NÚMERO DE CONTROL |
| control field |
DO-SdBNP |
| 005 - DATE AND TIME OF LATEST TRANSACTION |
| control field |
20240726110120.0 |
| 008 - ELEMENTOS DE LONGITUD FIJA |
| fixed length control field |
210318b2002 dr || 00| 0 spa d |
| 020 ## - ISBN |
| International Standard Book Number |
9993433403 |
| 040 ## - FUENTE DE CATALOGACIÓN |
| Agencia que crea de manera original el registro |
BPMSU |
| Idioma de catalogación |
spa |
| Agencia que realiza la transcripción |
BPMSU |
| 082 #4 - NÚMERO DE CLASIFICACIÓN DECIMAL DE DEWEY |
| Classification number |
956.94 |
| Item number |
F825i 2002 |
| Edition number |
22 |
| 100 1# - ASIENTO PRINCIPAL -- NOMBRE PERSONAL |
| Nombre personal |
Franco Pichardo, Franklin, |
| 245 10 - MENCIÓN DE TITULO |
| Título |
Israel y Palestina : |
| Subtítulo |
pasado, presente y futuro/ |
| Mención de responsabilidad |
Franklin Franco Pichardo. |
| 260 ## - PUBLICACIÓN, DISTRIBUCIÓN, ETC. (PIE DE IMPRENTA) |
| Lugar de publicación, distribución, etc |
Santo Domingo : |
| Nombre del editor, distribuidor, etc. |
Librería La Trinitaria, |
| Fecha de publicación, distribución, etc |
2002. |
| 300 ## - DESCRIPCIÓN FÍSICA |
| Extensión |
87 p. : |
| Otros detalles físicos |
il. ; |
| Dimensiones |
21 cm. |
| 505 ## - NOTA DE CONTENIDO |
| Título |
Introducción -- |
| -- |
Conflicto entre judíos y árabes tiene más de 3 mil años -- |
| -- |
David conquistó Jerusalén -- |
| -- |
Cristo fue acusado de agitador por secta judía -- |
| -- |
Judío controlaron comercio y finanzas de Europa -- |
| -- |
Judíos ocupan palestina con apoyo de Inglaterra -- |
| -- |
Santana , Báez y Trujillo protegieron a los judíos -- |
| -- |
Comerciantes dominicanos repudiaron a los árabes y palestinos -- |
| -- |
Estado Israel ocupa con fuerzas militares toda Palestina. -- |
| -- |
Cronología de los últimos acontecimientos. |
| 590 ## - NOTA LOCAL |
| Texto de la nota local |
Inventariado, 2024/VM |
| 650 #4 - ENCABEZAMIENTO DE MATERIA--TEMÁTICO |
| Término temático o nombre geográfico como elemento de entrada |
Judíos |
| Subdivisión temática general |
Condiciones políticas y sociales |
| 651 #4 - ENCABEZAMIENTO DE MATERIA--NOMBRE GEOGRÁFICO |
| Nombre geográfico |
Israel |
| Subdivisión temática general |
Historia |
| 651 #4 - ENCABEZAMIENTO DE MATERIA--NOMBRE GEOGRÁFICO |
| Nombre geográfico |
Palestina |
| Subdivisión temática general |
Historia |
| 910 ## - VALIDACIÓN |
| Validación |
VMateo V. Control de calidad. BPMSU |
| 942 ## - ADDED ENTRY ELEMENTS (KOHA) |
| Source of classification or shelving scheme |
Dewey Decimal Classification |
| Koha item type |
Libros |